Numerical heat transfer and fluid flow / (Record no. 32526)
[ view plain ]
| 000 -LEADER | |
|---|---|
| fixed length control field | 01097cam a2200349 i 4500 |
| 001 - CONTROL NUMBER | |
| control field | 1522523 |
| 003 - CONTROL NUMBER IDENTIFIER | |
| control field | OSt |
| 005 - DATE AND TIME OF LATEST TRANSACTION | |
| control field | 20210922152418.0 |
| 008 - FIXED-LENGTH DATA ELEMENTS--GENERAL INFORMATION | |
| fixed length control field | 801223c1980 xx a b 001 0 eng |
| 020 ## - INTERNATIONAL STANDARD BOOK NUMBER | |
| International Standard Book Number | 0891165223 |
| 035 ## - SYSTEM CONTROL NUMBER | |
| System control number | (OCoLC)31743097 |
| 035 ## - SYSTEM CONTROL NUMBER | |
| System control number | (OCoLC)ocm31743097 |
| 035 ## - SYSTEM CONTROL NUMBER | |
| System control number | (NNC)1522523 |
| 038 ## - RECORD CONTENT LICENSOR | |
| Staff Name | khadija |
| 040 ## - CATALOGING SOURCE | |
| Transcribing agency | E |
| 050 #4 - LIBRARY OF CONGRESS CALL NUMBER | |
| Classification number | QC320 |
| Item number | .P37 1980g |
| 082 ## - DEWEY DECIMAL CLASSIFICATION NUMBER | |
| Classification number | 536.2 |
| Author Mark | PAT |
| 100 1# - MAIN ENTRY--PERSONAL NAME | |
| Personal name | Patankar, Suhas V., |
| Dates associated with a name | 1941- |
| 9 (RLIN) | 82614 |
| 245 10 - TITLE STATEMENT | |
| Title | Numerical heat transfer and fluid flow / |
| Statement of responsibility, etc. | Suhas V. Patankar. |
| 260 ## - PUBLICATION, DISTRIBUTION, ETC. | |
| Place of publication, distribution, etc. | [S.l.] : |
| Name of publisher, distributor, etc. | Taylor & Francis, |
| Date of publication, distribution, etc. | c1980. |
| 300 ## - PHYSICAL DESCRIPTION | |
| Extent | xiii, 197 p. : |
| Other physical details | ill. ; |
| Dimensions | 24 cm. |
| 490 1# - SERIES STATEMENT | |
| Series statement | Series in computational methods in mechanics and thermal sciences |
| 500 ## - GENERAL NOTE | |
| General note | Includes index. |
| 504 ## - BIBLIOGRAPHY, ETC. NOTE | |
| Bibliography, etc. note | Includes bibliographical references (p. 189-193) and index. |
| 563 ## - BINDING INFORMATION | |
| Binding note | hardcover |
| 650 #0 - SUBJECT ADDED ENTRY--TOPICAL TERM | |
| Topical term or geographic name entry element | Heat |
| General subdivision | Transmission. |
| 9 (RLIN) | 1537 |
| 650 #0 - SUBJECT ADDED ENTRY--TOPICAL TERM | |
| Topical term or geographic name entry element | Fluid dynamics. |
| 9 (RLIN) | 1384 |
| 650 #0 - SUBJECT ADDED ENTRY--TOPICAL TERM | |
| Topical term or geographic name entry element | Numerical analysis. |
| 9 (RLIN) | 103 |
| 830 #0 - SERIES ADDED ENTRY--UNIFORM TITLE | |
| Uniform title | Series in computational methods in mechanics and thermal sciences. |
| 9 (RLIN) | 82615 |
| 942 ## - ADDED ENTRY ELEMENTS (KOHA) | |
| Source of classification or shelving scheme | |
| Koha item type | Book |
| Withdrawn status | Lost status | Source of classification or shelving scheme | Damaged status | Not for loan | Permanent Location | Current Location | Shelving location | Date acquired | Total Checkouts | Full call number | Barcode | Date last seen | Date last checked out | Price effective from | Koha item type | Public note |
|---|---|---|---|---|---|---|---|---|---|---|---|---|---|---|---|---|
| School of Mechanical & Manufacturing Engineering (SMME) | School of Mechanical & Manufacturing Engineering (SMME) | General Stacks | 10/01/2015 | 1 | 536.2 PAT | SMME-1357 | 08/04/2023 | 07/18/2023 | 10/01/2015 | Book | Rack,45-Shelf,3 |
